000 00824nam a2200253 i 4500
001 000031703
003 DO-SdBNP
005 20260218123325.0
007 ta
008 110303s1993 dr 000 0 spa d
040 _aDO-SdBNP
_bspa
_cBNPHU
_erda
041 _aspa
082 4 _axxx
_bxxx
_222
111 2 _aSecretaria de Estado de Educación, Bellas Artes y Cultos
_n(1ro. de junio al 14 de julio :
_d1993 :
_cSanto Domingo)
_957974
245 1 0 _aA tiempo :
_bagenda cultural dominicana.
264 1 _aSanto Domingo :
_bSecretaría de Estado de Educación Bellas Artes y Cultos,
_c1993.
300 _a32 paginas ;
_c22 cm.
336 _2rdaconten.
_atexto
_btxt
337 _2rdamedia
_asin mediación
_bn
338 _2rdacarrier
_avolumen
_bnc
590 _aInventariado, 2026/ DG
910 _aDG
942 _2ddc
_cLF2
999 _c60313
_d60313